000 00772cab a2200253 4500
001 WB3433-08
008 090401t1998 xxu||||| |||| 00| 0 eng d
035 _a(Sirsi) u88152
041 _aeng
245 _aAirport expansion
260 _c1998
350 _a0
490 _aFinancial Times
_v25 August 1998, 7
490 _aTimes
_v25 August 1998, 24(2)
520 _aLuton airport is to get a new terminal as part of a £100m deal with a British-US consortium to develop and manage the site over the next 30 years. Diagram.
650 _aAIRPORT DEVELOPMENT
650 _aAIRPORT EXPANSION
650 _aAIRPORT TERMINALS
650 _aAIRPORTS
650 _aLUTON AIRPORT
690 _aPROPERTY-COMMERCIAL PROPERTY
942 _n0
948 _c26/08/1998
999 _c55690
_d55690